| 000 | 00553nam a2200205Ia 4500 | ||
|---|---|---|---|
| 005 | 20260429112047.0 | ||
| 008 | 260429s9999||||xx |||||||||||||| ||und|| | ||
| 020 | _a9781071624470 | ||
| 041 | _aEnglish | ||
| 082 |
_a579 _bFER |
||
| 100 | _aFerreira-Cerca, Sebastien | ||
| 245 | 0 |
_aArchaea : _bmethods and protocols / _cSebastien Ferreira-Cerca |
|
| 250 | _a1st ed. | ||
| 260 |
_aNew York : _bHumana Press, _c2022. |
||
| 300 | _axiv, 549 p.; pbk | ||
| 650 | _a Laboratory methods | ||
| 650 | _a Microbiology | ||
| 650 | _aArchaea | ||
| 942 | _cTB | ||
| 999 |
_c52142 _d52142 |
||